[Event "AUT-chT2W 2223"]
[Site "Austria"]
[Date "2023.01.21"]
[Round "7.1"]
[White "Ljubic, Juro"]
[Black "Heinrici, Simon"]
[Result "1/2-1/2"]
[WhiteElo "2182"]
[BlackElo "2139"]
[PlyCount "85"]
[EventDate "2022.09.23"]
[EventType "team-tourn"]
[EventRounds "11"]
[EventCountry "AUT"]
[SourceTitle "CBM 213 Extra"]
[Source "ChessBase"]
[SourceDate "2023.05.31"]
[SourceVersion "1"]
[SourceVersionDate "2023.05.31"]
[SourceQuality "1"]
[WhiteTeam "Schwarzach"]
[BlackTeam "Lustenau"]
[WhiteTeamCountry "AUT"]
[BlackTeamCountry "AUT"]

1. e4 e5 2. Nc3 Nf6 3. Nf3 Nc6 4. a3 a6 5. d4 d6 6. dxe5 Nxe5 7. Nxe5 dxe5 8. Qxd8+ Kxd8 9. Bc4 Ke7 10. f4 Be6 11. Nd5+ Bxd5 12. exd5 exf4 13. Bxf4 Kd7 14. 0-0 Bc5+ 15. Kh1 Bd6 16. Bg5 Be5 17. Rae1 Bxb2 18. Rb1 Bxa3 19. Bxf6 gxf6 20. Rxb7 Be7 21. Ra1 Bc5 22. Rb3 Bd4 23. Rxa6 Rxa6 24. Bxa6 Ra8 25. Ra3 Kd6 26. g3 Ra7 27. Rd3 Kxd5 28. Bc8 Ke4 29. Rd1 Ra1 30. Rxa1 Bxa1 31. Kg2 f5 32. Bb7+ Kd4 33. Ba6 h6 34. Kf3 Ke5 35. Bc4 f6 36. Bd3 Bb2 37. h3 Bc1 38. Bb5 Bd2 39. Bd3 Bc3 40. g4 f4 41. h4 Be1 42. h5 Bd2 43. Bg6 1/2-1/2

[Event "AUT-chT2W 2122"]
[Site "Austria"]
[Date "2022.03.12"]
[Round "10.3"]
[White "Heinrici, Simon"]
[Black "Hess, Max"]
[Result "0-1"]
[WhiteElo "2141"]
[BlackElo "2415"]
[PlyCount "58"]
[EventDate "2021.10.15"]
[EventType "team-tourn"]
[EventRounds "11"]
[EventCountry "AUT"]
[SourceTitle "EXT 2023"]
[Source "ChessBase"]
[SourceDate "2022.10.05"]
[SourceVersion "1"]
[SourceVersionDate "2022.10.05"]
[SourceQuality "1"]
[WhiteTeam "Lustenau"]
[BlackTeam "Schach ohne Grenzen"]
[WhiteTeamCountry "AUT"]
[BlackTeamCountry "AUT"]

1. e4 c6 2. d4 d5 3. Nc3 g6 4. exd5 cxd5 5. Nf3 Nc6 6. Bf4 a6 7. Ne5 Bg7 8. Nxc6 bxc6 9. Na4 Nh6 10. Bxh6 Bxh6 11. c3 0-0 12. Bd3 Qc7 13. 0-0 f6 14. c4 Be6 15. Nc5 Bf7 16. cxd5 cxd5 17. Nxa6 Qb6 18. b4 Rxa6 19. Bxa6 Qxa6 20. a4 e5 21. b5 Qa5 22. dxe5 fxe5 23. Qe1 Bd2 24. Qxe5 Bc3 25. Qd6 Rd8 26. Qc6 Bxa1 27. Rxa1 d4 28. Qf6 d3 29. Rd1 Re8 0-1

[Event "AUT-chT2W 2122"]
[Site "Austria"]
[Date "2022.02.19"]
[Round "4.6"]
[White "Heinrici, Simon"]
[Black "Kleibel, Uwe"]
[Result "0-1"]
[WhiteElo "2141"]
[BlackElo "2166"]
[PlyCount "92"]
[EventDate "2021.10.15"]
[EventType "team-tourn"]
[EventRounds "11"]
[EventCountry "AUT"]
[SourceTitle "EXT 2023"]
[Source "ChessBase"]
[SourceDate "2022.10.05"]
[SourceVersion "1"]
[SourceVersionDate "2022.10.05"]
[SourceQuality "1"]
[WhiteTeam "Lustenau"]
[BlackTeam "Ranshofen"]
[WhiteTeamCountry "AUT"]
[BlackTeamCountry "AUT"]

1. e4 c6 2. d4 d5 3. Nc3 dxe4 4. Nxe4 Nf6 5. Nxf6+ exf6 6. Nf3 Bd6 7. c3 0-0 8. Be2 Bf5 9. 0-0 Re8 10. Nh4 Be4 11. Bd3 g6 12. Bxe4 Rxe4 13. g3 Nd7 14. Re1 Rxe1+ 15. Qxe1 Nb6 16. Ng2 Qd7 17. Bf4 Bf8 18. Qd2 a5 19. Re1 a4 20. b3 Nd5 21. Qc2 b5 22. Bd2 Qa7 23. Ne3 axb3 24. axb3 Qa2 25. Qxa2 Rxa2 26. Nxd5 cxd5 27. Re2 g5 28. Kf1 Rb2 29. b4 Kg7 30. Be1 Rxe2 31. Kxe2 Kg6 32. g4 f5 33. f3 fxg4 34. fxg4 f5 35. h3 Bd6 36. Kf3 Bf4 37. h4 fxg4+ 38. Kxg4 h5+ 39. Kf3 Kf5 40. hxg5 Bxg5 41. c4 bxc4 42. b5 Ke6 43. Ke2 Kd7 44. Bg3 Kc8 45. Be1 Kb7 46. Ba5 Bf4 0-1

[Event "AUT-chT2W 2122"]
[Site "Austria"]
[Date "2021.10.15"]
[Round "1.3"]
[White "Xiong, Ferdinand"]
[Black "Heinrici, Simon"]
[Result "1/2-1/2"]
[WhiteElo "2201"]
[BlackElo "2142"]
[PlyCount "60"]
[EventDate "2021.10.15"]
[EventType "team-tourn"]
[EventRounds "11"]
[EventCountry "AUT"]
[SourceTitle "CBM 204 Extra"]
[Source "ChessBase"]
[SourceDate "2021.11.30"]
[SourceVersion "1"]
[SourceVersionDate "2021.11.30"]
[SourceQuality "1"]
[WhiteTeam "Wolfurt"]
[BlackTeam "Lustenau"]
[WhiteTeamCountry "AUT"]
[BlackTeamCountry "AUT"]

1. e4 e5 2. Nf3 Nc6 3. Bb5 a6 4. Ba4 Nf6 5. 0-0 b5 6. Bb3 Bc5 7. Nxe5 Nxe5 8. d4 Bxd4 9. Qxd4 d6 10. Bd5 c6 11. f4 cxd5 12. fxe5 Nxe4 13. Nc3 Nxc3 14. bxc3 0-0 15. Qxd5 Qb6+ 16. Rf2 Be6 17. Qxd6 Qa5 18. Qb4 Qc7 19. Bf4 Rac8 20. Rf3 Qc5+ 21. Qxc5 Rxc5 22. a4 Rfc8 23. axb5 axb5 24. Ra3 Bf5 25. Ra2 Rxc3 26. Rxc3 Rxc3 27. Ra8+ Rc8 28. Rxc8+ Bxc8 29. Kf2 Be6 30. Ke3 Bc4 1/2-1/2

[Event "AUT-ch Vor4 Internet"]
[Site "Playchess.com INT"]
[Date "2020.04.25"]
[Round "1"]
[White "Koglbauer, Uwe"]
[Black "Heinrici, Simon"]
[Result "0-1"]
[WhiteElo "1666"]
[BlackElo "2151"]
[PlyCount "60"]
[EventDate "2020.04.25"]
[EventType "swiss (blitz)"]
[EventRounds "9"]
[EventCountry "AUT"]
[SourceTitle "EXT 2021"]
[Source "ChessBase"]
[SourceDate "2020.10.23"]
[SourceVersion "1"]
[SourceVersionDate "2020.10.23"]
[SourceQuality "1"]

1. e4 e5 2. Nf3 Nc6 3. d4 exd4 4. Bc4 Nf6 5. 0-0 d5 6. exd5 Nxd5 7. Re1+ Be7 8. c3 0-0 9. Qb3 Na5 10. Qb5 c6 11. Qa4 b5 12. Bxb5 cxb5 13. Qxb5 dxc3 14. Rd1 Be6 15. bxc3 Qb6 16. Qxb6 axb6 17. Nd4 Bf6 18. Nxe6 fxe6 19. Bb2 Nc4 20. Ba3 Nxa3 21. Nxa3 Nxc3 22. Re1 Rxa3 23. Rac1 Rxa2 24. Rxe6 Ne2+ 25. Rxe2 Rxe2 26. g3 Rfe8 27. Rc6 Bd4 28. Rc4 Bc5 29. h4 Rxf2 30. Rxc5 bxc5 0-1

[Event "AUT-ch Vor3 Internet"]
[Site "Playchess.com INT"]
[Date "2020.04.17"]
[Round "4"]
[White "Heinrici, Simon"]
[Black "Dreher, David"]
[Result "0-1"]
[WhiteElo "2151"]
[BlackElo "1888"]
[PlyCount "58"]
[EventDate "2020.04.17"]
[EventType "swiss (blitz)"]
[EventRounds "9"]
[EventCountry "AUT"]
[SourceTitle "CBM 195 Extra"]
[Source "ChessBase"]
[SourceDate "2020.05.31"]
[SourceVersion "1"]
[SourceVersionDate "2020.05.31"]
[SourceQuality "1"]

1. e4 e5 2. Nf3 Nf6 3. Nxe5 d6 4. Nxf7 Kxf7 5. d4 g6 6. Nc3 c6 7. Bg5 Be7 8. h3 Kg7 9. Qd2 b5 10. 0-0-0 h6 11. Bh4 b4 12. Ne2 Nxe4 13. Bxe7 Qxe7 14. Qe3 Re8 15. f3 Nf6 16. Qb3 Qe3+ 17. Qxe3 Rxe3 18. Nf4 Ba6 19. Bd3 Bxd3 20. Nxd3 Na6 21. Rde1 Rae8 22. Rxe3 Rxe3 23. Kd2 Re7 24. h4 Nd5 25. g3 Nac7 26. Ra1 Nb5 27. c4 bxc3+ 28. bxc3 Nbxc3 29. Rc1 Re2# 0-1

[Event "AUT-ch Vor2 Internet"]
[Site "Playchess.com INT"]
[Date "2020.04.13"]
[Round "7"]
[White "Flir, Emilio"]
[Black "Heinrici, Simon"]
[Result "1/2-1/2"]
[WhiteElo "1843"]
[BlackElo "2151"]
[PlyCount "126"]
[EventDate "2020.04.13"]
[EventType "swiss (blitz)"]
[EventRounds "9"]
[EventCountry "AUT"]
[SourceTitle "CBM 195 Extra"]
[Source "ChessBase"]
[SourceDate "2020.05.31"]
[SourceVersion "1"]
[SourceVersionDate "2020.05.31"]
[SourceQuality "1"]

1. d4 d5 2. c4 e6 3. Nc3 Nf6 4. cxd5 exd5 5. Bg5 c6 6. e3 Nbd7 7. Bd3 Be7 8. Qc2 0-0 9. Nge2 h6 10. Bh4 Re8 11. 0-0 Ne4 12. Bxe7 Qxe7 13. Rae1 f5 14. f3 Nxc3 15. Nxc3 g6 16. e4 dxe4 17. fxe4 Qd6 18. Qf2 f4 19. e5 Qf8 20. Qxf4 Qxf4 21. Rxf4 Kg7 22. Ref1 Re7 23. Ne4 Nb6 24. Nd6 Nd5 25. Rf7+ Rxf7 26. Rxf7+ Kg8 27. Bxg6 Be6 28. Rxb7 Nf4 29. Bf7+ Bxf7 30. Nxf7 Ne2+ 31. Kf2 Nxd4 32. Nxh6+ Kh8 33. Ke3 Nb5 34. e6 Re8 35. e7 Nd6 36. Rxa7 Kg7 37. Ng4 Nf5+ 38. Kf4 Nxe7 39. Ne5 Kf6 40. Ng4+ Ke6 41. h4 Rf8+ 42. Kg3 Nf5+ 43. Kh3 Rh8 44. g3 Rd8 45. Ra6 Rd3 46. Rxc6+ Kd5 47. Rc3 Rd2 48. Ne3+ Nxe3 49. Rxe3 Rxb2 50. a4 Ra2 51. Rf3 Rxa4 52. Rf4 Ra8 53. h5 Ke5 54. Rb4 Kf5 55. g4+ Kg5 56. Rb5+ Kh6 57. Rb3 Ra5 58. Kh4 Ra4 59. Rb6+ Kh7 60. Kg5 Ra5+ 61. Kf6 Kh6 62. g5+ Rxg5 63. Kf7+ Kxh5 1/2-1/2

[Event "AUT-ch Vor2 Internet"]
[Site "Playchess.com INT"]
[Date "2020.04.13"]
[Round "1"]
[White "Miazhynski, Alexander"]
[Black "Heinrici, Simon"]
[Result "0-1"]
[WhiteElo "1535"]
[BlackElo "2151"]
[PlyCount "106"]
[EventDate "2020.04.13"]
[EventType "swiss (blitz)"]
[EventRounds "9"]
[EventCountry "AUT"]
[SourceTitle "CBM 195 Extra"]
[Source "ChessBase"]
[SourceDate "2020.05.31"]
[SourceVersion "1"]
[SourceVersionDate "2020.05.31"]
[SourceQuality "1"]

1. e4 e5 2. Nc3 Nf6 3. f4 d5 4. fxe5 Nxe4 5. Nf3 Bg4 6. Bd3 Nxc3 7. dxc3 Bc5 8. Bf4 0-0 9. Qd2 Bxf3 10. gxf3 Nc6 11. 0-0-0 f6 12. exf6 Qxf6 13. Bg3 Qxf3 14. Kb1 Be3 15. Qe1 Bf2 16. Bxf2 Qxf2 17. Qe6+ Qf7 18. Qe2 Rae8 19. Qg2 Qf3 20. Qg5 Re5 21. Qh4 Rh5 22. Qe1 Qf7 23. Qe2 Re8 24. Qg2 Ne5 25. Rhf1 Qd7 26. Qg3 Nxd3 27. Qxd3 c6 28. Rg1 Rhe5 29. Qg3 Qe7 30. a3 Re6 31. Rd2 Rg6 32. Qf2 Rxg1+ 33. Qxg1 Qe1+ 34. Qxe1 Rxe1+ 35. Ka2 g5 36. c4 dxc4 37. Rd8+ Kf7 38. Rd7+ Re7 39. Rd2 h5 40. b3 cxb3+ 41. cxb3 Kg6 42. Kb2 g4 43. Kc2 Kg5 44. Kc3 Kh4 45. Rd3 Rf7 46. Rd2 Kh3 47. Kc2 h4 48. Kc3 g3 49. hxg3 hxg3 50. Rd3 Kh2 51. Rd2+ g2 52. Rd8 g1Q 53. Rh8+ Kg2 0-1

[Event "AUT-chT2W 1920"]
[Site "Austria"]
[Date "2020.03.06"]
[Round "9.4"]
[White "Heinrici, Simon"]
[Black "Neuschmied, Siegfried"]
[Result "0-1"]
[WhiteElo "2131"]
[BlackElo "2268"]
[PlyCount "58"]
[EventDate "2019.10.04"]
[EventType "team-tourn"]
[EventRounds "11"]
[EventCountry "AUT"]
[SourceTitle "CBM 195 Extra"]
[Source "ChessBase"]
[SourceDate "2020.05.31"]
[SourceVersion "1"]
[SourceVersionDate "2020.05.31"]
[SourceQuality "1"]
[WhiteTeam "Hohenems II"]
[BlackTeam "Kufstein/Woergl"]
[WhiteTeamCountry "AUT"]
[BlackTeamCountry "AUT"]

1. e4 g6 2. d4 d6 3. Nc3 Bg7 4. f4 a6 5. Nf3 b5 6. a3 Bb7 7. Be3 Nf6 8. Bd3 Nbd7 9. 0-0 0-0 10. Qe2 c5 11. dxc5 dxc5 12. e5 c4 13. Bxc4 bxc4 14. exf6 Nxf6 15. Qxc4 Ng4 16. Bf2 Bxf3 17. gxf3 Nxf2 18. Kxf2 Qb6+ 19. Kg3 Qxb2 20. Nd5 e6 21. Ne7+ Kh8 22. Rab1 Qxa3 23. Qc7 Bf6 24. Rb7 Rae8 25. Nc6 Rc8 26. Qb6 Qd6 27. Na5 Qd5 28. Qxa6 Rxc2 29. Nb3 Qh5 0-1

[Event "AUT-chT2W 1920"]
[Site "Austria"]
[Date "2019.11.23"]
[Round "4.5"]
[White "Preundler, Stefan"]
[Black "Heinrici, Simon"]
[Result "0-1"]
[WhiteElo "1929"]
[BlackElo "2131"]
[PlyCount "124"]
[EventDate "2019.10.04"]
[EventType "team-tourn"]
[EventRounds "11"]
[EventCountry "AUT"]
[SourceTitle "CBM 193 Extra"]
[Source "ChessBase"]
[SourceDate "2020.01.31"]
[SourceVersion "1"]
[SourceVersionDate "2020.01.31"]
[SourceQuality "1"]
[WhiteTeam "Neumarkt"]
[BlackTeam "Hohenems II"]
[WhiteTeamCountry "AUT"]
[BlackTeamCountry "AUT"]

1. d4 d5 2. c4 e6 3. Nf3 Nf6 4. g3 dxc4 5. Qc2 Nc6 6. Qxc4 Bd7 7. Bg2 Na5 8. Qc2 Rc8 9. Nc3 c5 10. dxc5 Bxc5 11. Qd1 Bb4 12. Bd2 Nc4 13. Qb3 Qa5 14. a3 Nxd2 15. Qxb4 Qxb4 16. axb4 Nc4 17. Rxa7 Nxb2 18. Ra2 Rxc3 19. Rxb2 Bc6 20. 0-0 Ke7 21. Ne5 Bxg2 22. Kxg2 Rhc8 23. Ra1 Rc2 24. Raa2 Rxb2 25. Rxb2 Nd7 26. Nxd7 Kxd7 27. Rd2+ Ke7 28. Kf3 Rc4 29. Rb2 Kd6 30. Rd2+ Kc7 31. b5 Rc5 32. b6+ Kxb6 33. Rd7 Rc7 34. Rd2 Rc3+ 35. Ke4 Kc7 36. Kd4 Rc6 37. Rb2 b6 38. Ra2 Kb7 39. Rb2 Rc5 40. Ra2 e5+ 41. Ke4 f6 42. h4 g6 43. Ra1 f5+ 44. Kd3 b5 45. h5 Rc8 46. hxg6 hxg6 47. g4 Kb6 48. gxf5 gxf5 49. f4 exf4 50. Kd4 b4 51. Ke5 Re8+ 52. Kxf5 Rxe2 53. Kxf4 Kb5 54. Kf3 Re8 55. Ra7 b3 56. Rb7+ Kc4 57. Rb6 Kc3 58. Rc6+ Kd3 59. Rd6+ Kc2 60. Rc6+ Kb1 61. Rb6 b2 62. Rb7 Ra8 0-1

[Event "Vienna op"]
[Site "Vienna"]
[Date "2019.08.24"]
[Round "9"]
[White "Heinrici, Simon"]
[Black "Zeller, Frank"]
[Result "1/2-1/2"]
[WhiteElo "2062"]
[BlackElo "2371"]
[PlyCount "113"]
[EventDate "2019.08.17"]
[EventType "swiss"]
[EventRounds "9"]
[EventCountry "AUT"]
[SourceTitle "EXT 2020"]
[Source "ChessBase"]
[SourceDate "2019.10.17"]
[SourceVersion "1"]
[SourceVersionDate "2019.10.17"]
[SourceQuality "1"]

1. e4 c5 2. Nf3 d6 3. d4 cxd4 4. Nxd4 Nf6 5. Nc3 a6 6. Be3 Ng4 7. Bc1 Nf6 8. Be3 e5 9. Nb3 Be6 10. f3 Nbd7 11. Qd2 b5 12. 0-0-0 b4 13. Nd5 Bxd5 14. exd5 Nb6 15. Qxb4 Nfxd5 16. Bxb6 Nxb6 17. Bxa6 Be7 18. Bb5+ Kf8 19. a4 g6 20. a5 Nd7 21. Bc6 Ra7 22. Qb5 Kg7 23. a6 Qc7 24. Bxd7 Rb8 25. Qc6 Qxd7 26. Qxd7 Rxd7 27. Rd5 Ra7 28. Ra5 Rb6 29. Kd2 Raxa6 30. Rha1 Rxa5 31. Rxa5 Kf6 32. Ra2 Ke6 33. Kd3 f5 34. Nd2 d5 35. b3 e4+ 36. fxe4 dxe4+ 37. Ke2 h5 38. Nc4 Rc6 39. Ra8 Bg5 40. h3 Kd5 41. Ra5+ Kd4 42. g4 Rf6 43. gxh5 gxh5 44. Nd2 Bh6 45. Ra4+ Ke5 46. Ra1 Rg6 47. Nc4+ Kd4 48. Rd1+ Kc3 49. Rd6 Rxd6 50. Nxd6 Kxc2 51. Nxf5 Bf4 52. Ng7 Kxb3 53. Nxh5 Bg5 54. Ng3 e3 55. Nf5 Kc4 56. Nxe3+ Bxe3 57. Kxe3 1/2-1/2

[Event "AUT-chT2W 1718"]
[Site "Austria"]
[Date "2018.01.13"]
[Round "7.6"]
[White "Schiestl, Josef"]
[Black "Heinrici, Simon"]
[Result "1/2-1/2"]
[WhiteElo "2125"]
[BlackElo "2099"]
[PlyCount "69"]
[EventDate "2017.10.13"]
[EventType "team-tourn"]
[EventRounds "11"]
[EventCountry "AUT"]
[SourceTitle "EXT 2019"]
[Source "ChessBase"]
[SourceDate "2018.10.10"]
[SourceVersion "1"]
[SourceVersionDate "2018.10.10"]
[SourceQuality "1"]
[WhiteTeam "Zillertal"]
[BlackTeam "Hohenems II"]
[WhiteTeamCountry "AUT"]
[BlackTeamCountry "AUT"]

1. e4 e5 2. Bc4 Nc6 3. Nf3 Nf6 4. d3 Bc5 5. Bb3 d6 6. c3 a6 7. Nbd2 Ba7 8. h3 h6 9. Nf1 Ne7 10. Ng3 Ng6 11. 0-0 0-0 12. Nh2 d5 13. Qe2 Nf4 14. Qf3 dxe4 15. dxe4 Qd3 16. Be3 Bxe3 17. fxe3 Ne6 18. Rad1 Qb5 19. Ng4 Nxg4 20. Qxg4 Nd4 21. Nf5 Bxf5 22. exf5 Nxb3 23. f6 g6 24. axb3 Rad8 25. Rxd8 Rxd8 26. Rd1 Qe8 27. Kf2 Kh7 28. h4 h5 29. Qe2 Rxd1 30. Qxd1 Qe6 31. Qd8 Qf5+ 32. Ke2 Qc2+ 33. Kf3 Qf5+ 34. Ke2 Qc2+ 35. Kf3 1/2-1/2

[Event "AUT-chT2W 1617"]
[Site "Austria"]
[Date "2017.01.21"]
[Round "7.4"]
[White "Heinrici, Simon"]
[Black "Nussbaumer, Leon"]
[Result "0-1"]
[WhiteElo "2099"]
[BlackElo "1964"]
[PlyCount "110"]
[EventDate "2016.10.28"]
[EventType "team-tourn"]
[EventRounds "11"]
[EventCountry "AUT"]
[SourceTitle "CBM 177 Extra"]
[Source "ChessBase"]
[SourceDate "2017.04.27"]
[SourceVersion "1"]
[SourceVersionDate "2017.04.27"]
[SourceQuality "1"]
[WhiteTeam "Hohenems II"]
[BlackTeam "Pradl"]
[WhiteTeamCountry "AUT"]
[BlackTeamCountry "AUT"]

1. e4 c5 2. Nf3 e6 3. c4 Nc6 4. Nc3 Nf6 5. Be2 d5 6. exd5 exd5 7. d4 dxc4 8. dxc5 Qxd1+ 9. Nxd1 Nb4 10. Ne3 Bxc5 11. Bd2 Ne4 12. Bxc4 Bxe3 13. Bb5+ Bd7 14. Bxd7+ Kxd7 15. Bxb4 Nxf2 16. Rf1 Nd3+ 17. Ke2 Nxb4 18. Rad1+ Kc7 19. Kxe3 Rhe8+ 20. Kd4 Nc2+ 21. Kd3 Ne3 22. Rc1+ Kb6 23. Rf2 Rad8+ 24. Nd4 Ng4 25. Rf4 f5 26. Rc3 g5 27. Rb3+ Kc7 28. Rxf5 Re3+ 29. Kc2 Rxd4 30. Rf7+ Rd7 31. Rxb7+ Kxb7 32. Rxd7+ Kb6 33. Rxh7 Re2+ 34. Kc3 Rxg2 35. h3 Rh2 36. Rh5 Nf2 37. Kc4 Nxh3 38. Rh6+ Kc7 39. b4 g4 40. Rh7+ Kd6 41. Rg7 Rg2 42. Rxa7 g3 43. Rg7 Rg1 44. Kb5 g2 45. Rg4 Nf4 46. Rxf4 Rf1 47. Rg4 g1Q 48. Rxg1 Rxg1 49. a4 Kc7 50. Kc5 Rg5+ 51. Kc4 Kc6 52. Kb3 Rg3+ 53. Kc4 Ra3 54. a5 Ra4 55. a6 Kb6 0-1

[Event "AUT-chT2W 1617"]
[Site "Austria"]
[Date "2016.11.25"]
[Round "4.6"]
[White "Jedinger, Andreas"]
[Black "Heinrici, Simon"]
[Result "1/2-1/2"]
[WhiteElo "2120"]
[BlackElo "2099"]
[PlyCount "92"]
[EventDate "2016.10.28"]
[EventType "team-tourn"]
[EventRounds "11"]
[EventCountry "AUT"]
[SourceTitle "EXT 2018"]
[Source "ChessBase"]
[SourceDate "2017.10.13"]
[SourceVersion "1"]
[SourceVersionDate "2017.10.13"]
[SourceQuality "1"]
[WhiteTeam "Rochade Rum"]
[BlackTeam "Hohenems II"]
[WhiteTeamCountry "AUT"]
[BlackTeamCountry "AUT"]

1. e4 e5 2. Nf3 Nc6 3. Bb5 a6 4. Ba4 Nf6 5. 0-0 b5 6. Bb3 Bc5 7. a4 Rb8 8. c3 d6 9. d4 Bb6 10. axb5 axb5 11. Qd3 Bd7 12. Bg5 h6 13. Bh4 g5 14. Bg3 Nh5 15. Nbd2 Nxg3 16. fxg3 Be6 17. Bxe6 fxe6 18. Kh1 exd4 19. cxd4 0-0 20. Qxb5 Nxd4 21. Nxd4 Bxd4 22. Qc4 Bxb2 23. Qxe6+ Kg7 24. Rxf8 Qxf8 25. Rf1 Qe8 26. Qf5 Qe7 27. Rb1 Rf8 28. Qg4 Bd4 29. Nf3 Bb6 30. Nh4 Qe5 31. h3 Rf7 32. Nf5+ Kg6 33. h4 d5 34. Rc1 dxe4 35. Rc6+ Rf6 36. h5+ Kh7 37. Rxb6 cxb6 38. Ne3 Qe6 39. Qe2 Qe5 40. Ng4 Qa1+ 41. Kh2 Rf1 42. Qxe4+ Kg7 43. Qg6+ Kf8 44. Qxh6+ Ke8 45. Qe6+ Kf8 46. Qd6+ Ke8 1/2-1/2

[Event "Bodensee op"]
[Site "Bregenz"]
[Date "2016.05.08"]
[Round "9"]
[White "Heinrici, Simon"]
[Black "Nachbar, Benjamin"]
[Result "1-0"]
[WhiteElo "2096"]
[BlackElo "2145"]
[PlyCount "113"]
[EventDate "2016.04.30"]
[EventType "swiss"]
[EventRounds "9"]
[EventCountry "AUT"]
[SourceTitle "CBM 172 Extra"]
[Source "ChessBase"]
[SourceDate "2016.06.21"]
[SourceVersion "1"]
[SourceVersionDate "2016.06.21"]
[SourceQuality "1"]

1. e4 c6 2. d4 d5 3. Nc3 dxe4 4. Nxe4 Bf5 5. Ng3 Bg6 6. h4 h6 7. Nf3 e6 8. h5 Bh7 9. Bd3 Bxd3 10. Qxd3 Nf6 11. Bf4 c5 12. 0-0-0 Nc6 13. Ne5 Qxd4 14. Qxd4 Nxd4 15. c3 Nc6 16. Nxc6 bxc6 17. c4 Be7 18. f3 0-0 19. Ne2 Rfd8 20. g4 Nh7 21. Kc2 Kf8 22. Nc3 Rd4 23. Be5 Rxc4 24. a3 Ng5 25. b3 Nxf3 26. Bxg7+ Kxg7 27. bxc4 Ne5 28. Ne4 Nxc4 29. Rd7 Kf8 30. g5 Ne5 31. Rb7 hxg5 32. h6 Ng6 33. Rd1 g4 34. Rdd7 Rd8 35. Rxd8+ Bxd8 36. Nd6 Nh8 37. Kd3 f5 38. a4 Bf6 39. a5 Be5 40. Nc4 Bd4 41. Ne3 g3 42. Ng2 e5 43. Ke2 e4 44. Rxa7 Ng6 45. Rg7 Bxg7 46. hxg7+ Kxg7 47. a6 f4 48. a7 f3+ 49. Kf1 fxg2+ 50. Kxg2 Nf4+ 51. Kxg3 Ne6 52. a8Q Kf6 53. Qxc6 Ke5 54. Kf2 Nf4 55. Qc7+ Kf5 56. Qxc5+ Kg4 57. Qc8+ 1-0

[Event "Barcelona Sant Marti op-A 17th"]
[Site "Barcelona"]
[Date "2015.07.13"]
[Round "1"]
[White "Heinrici, Simon"]
[Black "Froewis, Georg"]
[Result "0-1"]
[WhiteElo "2046"]
[BlackElo "2434"]
[PlyCount "96"]
[EventDate "2015.07.13"]
[EventType "swiss"]
[EventRounds "9"]
[EventCountry "ESP"]
[SourceTitle "CBM 167 Extra"]
[Source "ChessBase"]
[SourceDate "2015.09.14"]
[SourceVersion "1"]
[SourceVersionDate "2015.09.14"]
[SourceQuality "1"]

1. e4 c5 2. Nf3 Nc6 3. d4 cxd4 4. Nxd4 Nf6 5. Nc3 d6 6. Bc4 g6 7. Nxc6 bxc6 8. e5 Ng4 9. e6 f5 10. h3 Nf6 11. Qe2 Bg7 12. g4 d5 13. gxf5 dxc4 14. Qxc4 0-0 15. fxg6 Qd6 16. gxh7+ Kh8 17. Be3 Bxe6 18. Qh4 Rab8 19. Rg1 Rf7 20. Rd1 Nd5 21. Bd4 Qf4 22. Qxf4 Nxf4 23. Rxg7 Rxg7 24. b3 Kxh7 25. Bxg7 Kxg7 26. Rd4 Nxh3 27. Ra4 Rb7 28. Ne4 Bc8 29. Ra5 Nf4 30. c4 Rd7 31. Nc5 Rc7 32. Ne4 Ne6 33. Re5 Nd4 34. Rg5+ Kf7 35. Rg3 Bf5 36. Nc5 Rc8 37. Nd3 Bxd3 38. Rxd3 c5 39. Rh3 Rd8 40. Rh7+ Ke6 41. Rh6+ Ke5 42. Ra6 Rd7 43. Ra5 Rc7 44. Ra6 Nc6 45. Kd2 Kd6 46. Kc3 Rb7 47. Ra4 a5 48. a3 Rb8 0-1